000 00419nam a2200181Ia 4500
001 19786
005 20260306172718.0
008 260306t2006||||xx |||||||||||||| ||spa||
041 _aESP
082 _a341.1
_bG69
100 _aGonzález, Ana Marta
_eAUT
245 0 _aClaves de ley natural
260 _c2006
300 _a166 páginas :
_c24 cm.
650 _aGEN
654 _aCDE
942 _cLIB
_dJUS
_fJUS
_2ddc
_n
999 _c19786
_d19786